[Event "Frankfurt-ch"]
[Site "Frankfurt"]
[Date "2010.06.07"]
[Round "6"]
[White "Haftmann, Rainer"]
[Black "Ellrich, Jochen"]
[Result "1/2-1/2"]
[WhiteElo "1881"]
[BlackElo "2080"]
[PlyCount "40"]
[EventDate "2010.04.26"]
[EventType "swiss"]
[EventRounds "7"]
[EventCountry "GER"]
[SourceTitle "EXT 2011"]
[Source "ChessBase"]
[SourceDate "2010.11.26"]
[SourceVersion "1"]
[SourceVersionDate "2010.11.26"]
[SourceQuality "1"]

1. e4 e6 2. d4 d5 3. Nd2 Nc6 4. Ngf3 Nf6 5. e5 Nd7 6. c3 f6 7. Bb5 a6 8. Bxc6 bxc6 9. 0-0 f5 10. Nb3 Nb6 11. Bg5 Qd7 12. Nc5 Qf7 13. b4 h6 14. Bc1 g5 15. a4 Be7 16. a5 Nc4 17. Nd2 Nxd2 18. Bxd2 h5 19. Qe2 h4 20. f3 Qg6 1/2-1/2

[Event "Rhein Main op 09th"]
[Site "Bad Homburg"]
[Date "2006.06.17"]
[Round "5.9"]
[White "Ellrich, Jochen"]
[Black "Brustkern, Juergen"]
[Result "0-1"]
[WhiteElo "2090"]
[BlackElo "2242"]
[PlyCount "102"]
[EventDate "2006.06.14"]
[EventType "swiss"]
[EventRounds "7"]
[EventCountry "GER"]
[SourceTitle "CBM 112 Extra"]
[Source "ChessBase"]
[SourceDate "2006.07.14"]
[SourceVersion "1"]
[SourceVersionDate "2006.07.14"]
[SourceQuality "1"]

1. d4 g6 2. e4 Bg7 3. Nc3 d6 4. f4 a6 5. Nf3 b5 6. Bd3 Nd7 7. 0-0 Bb7 8. e5 e6 9. Ne4 Bxe4 10. Bxe4 d5 11. Bd3 c5 12. dxc5 Nxc5 13. Be3 Nxd3 14. cxd3 Nh6 15. Bc5 Bf8 16. Bxf8 Qb6+ 17. Bc5 Qxc5+ 18. d4 Qb6 19. Qd2 Nf5 20. Rac1 h5 21. Rc5 0-0 22. Rfc1 Rab8 23. Rc6 Qa7 24. Rc7 Rb7 25. Qc3 Nxd4 26. Rxb7 Nxf3+ 27. Kh1 Qxb7 28. gxf3 Rd8 29. Qd4 Rc8 30. Rc5 a5 31. Kg2 Qa6 32. Qc3 Rxc5 33. Qxc5 b4 34. Kf2 Qd3 35. Qxa5 Qd4+ 36. Kg3 Qg1+ 37. Kh3 Qf2 38. Qd8+ Kh7 39. Qg5 Qxf3+ 40. Qg3 Qe2 41. Qg2 Qc4 42. Qd2 g5 43. Kg3 b3 44. axb3 Qxb3+ 45. Kg2 g4 46. Qc1 d4 47. Qd2 Kg6 48. Qxd4 Kf5 49. Kg1 h4 50. Qf2 g3 51. hxg3 Qxg3+ 0-1

[Event "Rhein Main op 09th"]
[Site "Bad Homburg"]
[Date "2006.06.16"]
[Round "4.15"]
[White "White, Herbert"]
[Black "Ellrich, Jochen"]
[Result "0-1"]
[WhiteElo "1961"]
[BlackElo "2090"]
[PlyCount "102"]
[EventDate "2006.06.14"]
[EventType "swiss"]
[EventRounds "7"]
[EventCountry "GER"]
[SourceTitle "CBM 112 Extra"]
[Source "ChessBase"]
[SourceDate "2006.07.14"]
[SourceVersion "1"]
[SourceVersionDate "2006.07.14"]
[SourceQuality "1"]

1. Nf3 e6 2. c4 Nf6 3. d4 Bb4+ 4. Bd2 Bxd2+ 5. Nbxd2 d6 6. Qc2 Nc6 7. e4 e5 8. d5 Ne7 9. c5 0-0 10. Nc4 b6 11. cxd6 cxd6 12. Bd3 Bg4 13. Nfd2 b5 14. Ne3 Qb6 15. 0-0 Rac8 16. Qb3 Rc5 17. a4 Bd7 18. a5 Qb8 19. Qd1 Ng6 20. Nb3 Rc7 21. Nc2 Nf4 22. Nb4 Rc4 23. Bxc4 bxc4 24. Nc6 Qxb3 25. Qxb3 cxb3 26. f3 Bxc6 27. dxc6 Rc8 28. Ra3 Ne2+ 29. Kf2 Nd4 30. Rc1 Ne8 31. Ra4 Nc7 32. Rb4 Ncb5 33. c7 Kf8 34. a6 Ke7 35. g4 Kd7 36. Kg3 Ne2+ 37. Kh4 Nxc1 38. Rxb5 Rxc7 39. Rb8 Rc8 40. Rb7+ Rc7 41. Rb8 Nd3 42. Rxb3 Nc5 43. Ra3 Rc6 44. b4 Rxa6 45. Rc3 Ne6 46. g5 Ra2 47. h3 Nf4 48. Kg4 g6 49. b5 Rg2+ 50. Kh4 h6 51. gxh6 g5# 0-1

[Event "Rhein Main op 09th"]
[Site "Bad Homburg"]
[Date "2006.06.15"]
[Round "2.29"]
[White "Witt, Holger"]
[Black "Ellrich, Jochen"]
[Result "0-1"]
[WhiteElo "1438"]
[BlackElo "2090"]
[PlyCount "52"]
[EventDate "2006.06.14"]
[EventType "swiss"]
[EventRounds "7"]
[EventCountry "GER"]
[SourceTitle "EXT 2007"]
[Source "ChessBase"]
[SourceDate "2006.11.23"]
[SourceVersion "1"]
[SourceVersionDate "2006.11.23"]
[SourceQuality "1"]

1. c4 e6 2. Nf3 Nf6 3. g3 d5 4. Bg2 Be7 5. 0-0 0-0 6. cxd5 exd5 7. d3 Re8 8. a3 c5 9. Nbd2 Nc6 10. b3 Bg4 11. Bb2 Rc8 12. Rc1 Qd7 13. Re1 b6 14. Ne5 Nxe5 15. Bxe5 Qf5 16. Bb2 Qh5 17. Nf1 Rc6 18. Bxf6 Bxf6 19. Ne3 Rxe3 20. fxe3 Bg5 21. Qd2 Re6 22. Kh1 Rh6 23. h4 Bxh4 24. gxh4 Qxh4+ 25. Kg1 Qh2+ 26. Kf2 Rf6# 0-1

[Event "Rhein Main op 08th"]
[Site "Bad Homburg"]
[Date "2005.05.27"]
[Round "4"]
[White "Ellrich, Jochen"]
[Black "Wanie, Karsten"]
[Result "1/2-1/2"]
[WhiteElo "2136"]
[BlackElo "2066"]
[PlyCount "88"]
[EventDate "2005.05.25"]
[EventType "swiss"]
[EventRounds "7"]
[EventCountry "GER"]
[SourceTitle "EXT 2006"]
[Source "ChessBase"]
[SourceDate "2005.11.24"]
[SourceVersion "1"]
[SourceVersionDate "2005.11.24"]
[SourceQuality "1"]

1. d4 e6 2. e4 d5 3. Nc3 Bb4 4. e5 c5 5. a3 Ba5 6. Qg4 Ne7 7. Qxg7 Rg8 8. Qxh7 cxd4 9. b4 Bc7 10. Nb5 Bxe5 11. Nf3 Rh8 12. Qd3 Bc7 13. Qxd4 Rg8 14. Bg5 a6 15. Nxc7+ Qxc7 16. Qf6 Rg6 17. Qxe7+ Qxe7 18. Bxe7 Kxe7 19. Ne5 Rh6 20. c4 Rh4 21. Bd3 Nc6 22. Nxc6+ bxc6 23. Rc1 Kd6 24. g3 Rd4 25. Kd2 e5 26. Ke3 Bh3 27. cxd5 cxd5 28. Rc5 a5 29. Rb5 axb4 30. Rxb4 Rxb4 31. axb4 d4+ 32. Ke2 Ra2+ 33. Kf3 Ra3 34. Ke2 Bg4+ 35. Kd2 Ra2+ 36. Kc1 Rxf2 37. Rf1 Rxh2 38. Rxf7 Be6 39. Rh7 Rg2 40. Rg7 Bd5 41. Rg6+ Ke7 42. Rg7+ Kd6 43. Rg6+ Ke7 44. Rg7+ Kd6 1/2-1/2

[Event "Rhein Main op 08th"]
[Site "Bad Homburg"]
[Date "2005.05.26"]
[Round "3"]
[White "Schmidt, Florian"]
[Black "Ellrich, Jochen"]
[Result "0-1"]
[WhiteElo "1831"]
[BlackElo "2136"]
[PlyCount "60"]
[EventDate "2005.05.25"]
[EventType "swiss"]
[EventRounds "7"]
[EventCountry "GER"]
[SourceTitle "EXT 2006"]
[Source "ChessBase"]
[SourceDate "2005.11.24"]
[SourceVersion "1"]
[SourceVersionDate "2005.11.24"]
[SourceQuality "1"]

1. d4 e6 2. c4 Nf6 3. Nc3 Bb4 4. Bd2 c5 5. a3 Bxc3 6. Bxc3 Ne4 7. e3 Qf6 8. Qf3 Nxc3 9. bxc3 d6 10. Be2 Nc6 11. Qxf6 gxf6 12. Bf3 Na5 13. Be2 b6 14. Nf3 Bb7 15. Rg1 Rg8 16. Kf1 Rc8 17. Nd2 Ke7 18. f3 Rc7 19. Kf2 Rgc8 20. g4 cxd4 21. cxd4 Ba6 22. c5 Bxe2 23. cxb6 Rc2 24. Kxe2 Nb3 25. Rad1 axb6 26. Ke1 R8c3 27. Ke2 Na5 28. f4 Nc4 29. Rg3 Rxa3 30. e4 Raa2 0-1

[Event "Rhein Main op 07th"]
[Site "Bad Homburg"]
[Date "2004.06.12"]
[Round "6.18"]
[White "Ellrich, Jochen"]
[Black "Rapoport, Vladimir"]
[Result "1-0"]
[WhiteElo "1968"]
[BlackElo "2116"]
[PlyCount "125"]
[EventDate "2004.06.09"]
[EventType "swiss"]
[EventRounds "7"]
[EventCountry "GER"]
[SourceTitle "CBM 100 Extra"]
[Source "ChessBase"]
[SourceDate "2004.07.06"]
[SourceVersion "2"]
[SourceVersionDate "2004.07.06"]
[SourceQuality "1"]

1. d4 Nf6 2. Nc3 d5 3. e4 dxe4 4. f3 exf3 5. Nxf3 Bg4 6. h3 Bxf3 7. Qxf3 c6 8. Be3 e6 9. Bd3 Be7 10. 0-0 Nbd7 11. Ne4 Qa5 12. c3 Rf8 13. b4 Qa3 14. b5 Rc8 15. Rfb1 Nxe4 16. Rb3 Nxc3 17. Rxa3 Bxa3 18. bxc6 Rxc6 19. Re1 Kd8 20. Bd2 Bb4 21. Be4 Nxe4 22. Bxb4 Nd6 23. Qf4 Ke7 24. Rc1 Rxc1+ 25. Qxc1 a5 26. Bxa5 Rc8 27. Qg5+ Nf6 28. Qxg7 Rc4 29. a3 Nfe8 30. Qxh7 Rxd4 31. Bb4 Kd7 32. h4 Rd1+ 33. Kh2 Rf1 34. h5 Rf5 35. g4 Nf6 36. Qg7 Rf2+ 37. Kg1 Rf4 38. h6 Rxg4+ 39. Qxg4 Nxg4 40. h7 Nh6 41. h8Q Nhf5 42. Kf2 b5 43. Kf3 Nc4 44. Kf4 Nfe3 45. Qg7 Nd5+ 46. Ke4 Kc6 47. Qxf7 Nxb4 48. Qxe6+ Nd6+ 49. Ke5 Nd3+ 50. Kd4 Nb2 51. Qd5+ Kd7 52. Qb3 Na4 53. Ke5 Nc4+ 54. Kd5 Ncb6+ 55. Kd4 Kc6 56. Qf3+ Kc7 57. Qf7+ Nd7 58. Qe8 Nab6 59. Qg6 Kb7 60. Qd6 Ka6 61. Qc7 Nf6 62. Kc5 Nfd7+ 63. Kc6 1-0

[Event "Rhein Main op 07th"]
[Site "Bad Homburg"]
[Date "2004.06.11"]
[Round "4.18"]
[White "Ellrich, Jochen"]
[Black "Taeger, Torsten"]
[Result "1-0"]
[WhiteElo "1968"]
[BlackElo "2031"]
[PlyCount "47"]
[EventDate "2004.06.09"]
[EventType "swiss"]
[EventRounds "7"]
[EventCountry "GER"]
[SourceTitle "CBM 100 Extra"]
[Source "ChessBase"]
[SourceDate "2004.07.06"]
[SourceVersion "2"]
[SourceVersionDate "2004.07.06"]
[SourceQuality "1"]

1. d4 g6 2. e4 d6 3. Nc3 Bg7 4. f4 c5 5. d5 Nf6 6. Nf3 0-0 7. Bd3 b5 8. Nxb5 c4 9. Bxc4 Nxe4 10. Qe2 a6 11. Nbd4 Qa5+ 12. c3 Nf6 13. 0-0 Qc7 14. f5 Qd7 15. fxg6 hxg6 16. h3 Qc7 17. Ng5 Nh5 18. Bf4 Bxd4+ 19. cxd4 Nxf4 20. Rxf4 f6 21. Raf1 Kg7 22. Bd3 Ra7 23. Qf2 Bf5 24. Rxf5 1-0

[Event "Rhein Main op 07th"]
[Site "Bad Homburg"]
[Date "2004.06.10"]
[Round "3.10"]
[White "Roeschlau, Bernd"]
[Black "Ellrich, Jochen"]
[Result "1-0"]
[WhiteElo "2206"]
[BlackElo "1968"]
[PlyCount "89"]
[EventDate "2004.06.09"]
[EventType "swiss"]
[EventRounds "7"]
[EventCountry "GER"]
[SourceTitle "CBM 100 Extra"]
[Source "ChessBase"]
[SourceDate "2004.07.06"]
[SourceVersion "2"]
[SourceVersionDate "2004.07.06"]
[SourceQuality "1"]

1. e4 e6 2. d4 d5 3. Nc3 Bb4 4. e5 c5 5. a3 Bxc3+ 6. bxc3 Qc7 7. Nf3 b6 8. Bb5+ Bd7 9. Be2 Ne7 10. a4 Nbc6 11. 0-0 h6 12. Re1 cxd4 13. cxd4 Na5 14. Bd3 Nc4 15. Nd2 0-0 16. Bxc4 dxc4 17. Ne4 Bc6 18. Ra3 Bxe4 19. Rxe4 c3 20. Re3 Nd5 21. Rg3 f5 22. Bxh6 Rf7 23. Rb3 Rd8 24. Bg5 Rdd7 25. h4 Qc4 26. a5 Qa4 27. axb6 axb6 28. Bc1 Rc7 29. Ra3 Qc6 30. h5 b5 31. h6 b4 32. Ra5 Ra7 33. Rc5 Qa8 34. Qh5 Rfe7 35. Bg5 Qe8 36. Qf3 f4 37. Bxf4 Qf8 38. Rxd5 exd5 39. Qxd5+ Kh8 40. Bg5 Ra1+ 41. Kh2 Qf7 42. Qe4 Re8 43. hxg7+ Kg8 44. Rh3 Qxg7 45. Bf6 1-0